|
|
|
|
| LEADER |
01121nam a2200373 4500 |
| 001 |
DLU110127200 |
| 005 |
##20111026 |
| 008 |
##991102s2000 caua 001 0 eng |
| 010 |
# |
# |
|a 99057617
|
| 020 |
# |
# |
|a 1558606474 (pbk. : alk. paper)
|
| 040 |
# |
# |
|a DLC
|c DLC
|d DLC
|
| 042 |
# |
# |
|a pcc
|
| 082 |
# |
# |
|a 005.75
|b Obj
|
| 245 |
# |
# |
|a The Object Data Standard :
|b ODMG 3.0 /
|c edited by R.G.G. Cattell, Douglas K. Barry ; contributors, Mark Berler ... [et al.].
|
| 260 |
# |
# |
|a San Francisco :
|b Morgan Kaufmann,
|c c2000.
|
| 300 |
# |
# |
|a vi, 280 p. :
|b ill. ;
|c 30 cm.
|
| 440 |
# |
# |
|a The Morgan Kaufmann series in data management systems
|
| 500 |
# |
# |
|a Includes index.
|
| 650 |
# |
# |
|a Database management.
|
| 650 |
# |
# |
|a Object-oriented databases
|x Standards.
|
| 700 |
# |
# |
|a Barry, Douglas K.
|
| 700 |
# |
# |
|a Berler, Mark.
|
| 700 |
# |
# |
|a Cattell, R. G. G.
|q (Roderic Geoffrey Galton)
|
| 923 |
# |
# |
|a 01/2011CT
|
| 991 |
# |
# |
|a GT
|
| 992 |
# |
# |
|a 0
|
| 994 |
# |
# |
|a KCT
|
| 900 |
# |
# |
|a True
|
| 911 |
# |
# |
|a Đào Thị Thu Huyền
|
| 925 |
# |
# |
|a G
|
| 926 |
# |
# |
|a A
|
| 927 |
# |
# |
|a SH
|
| 980 |
# |
# |
|a Thư viện Trường Đại học Đà Lạt
|